Notebooks HP 240 G9

Detalles Bibliográficos
Formato: Dispositivo electronico
Lenguaje:español

MARC

LEADER 00000nom a22000007a 4500
001 035667
003 UAHC_CL
005 20240617172040.0
008 240617b xx 000 b|spa d
040 |a UAHC_CL  |c UAHC_CL  |d UAHC_CL 
245 1 0 |a Notebooks HP 240 G9 
900 |a NOTEBOOK 
942 |c DELEC  |2 ddc 
952 |0 0  |1 0  |4 0  |6 NOTEBOOK_01_2024_000000000000000  |7 0  |9 99608  |a BC  |b BC  |c Referencia  |d 2024-06-17  |e Compra  |g 263900.00  |l 373  |o NOTEBOOK-01/2024  |p 1472158  |r 2026-04-29 19:37:10  |s 2026-04-29  |w 2024-06-17  |x Factura Compra, venta, arriendo y servicios de equipos computacionales Claudio Nº106  |y DELEC  |z Nº de Serie: 5CG4095PFS 
952 |0 0  |1 0  |4 0  |6 NOTEBOOK_02_2024_000000000000000  |7 0  |9 99609  |a BC  |b BC  |c Referencia  |d 2024-06-17  |e Compra  |g 263900.00  |l 437  |o NOTEBOOK-02/2024  |p 1472159  |r 2026-04-29 14:44:40  |s 2026-04-29  |w 2024-06-17  |x Factura Compra, venta, arriendo y servicios de equipos computacionales Claudio Nº106  |y DELEC  |z Nº de Serie: 5CG4100KC6 
952 |0 0  |1 0  |4 0  |6 NOTEBOOK_03_2024_000000000000000  |7 0  |9 99610  |a BC  |b BC  |c Referencia  |d 2024-06-17  |e Compra  |g 263900.00  |l 449  |o NOTEBOOK-03/2024  |p 1472160  |r 2026-05-04 21:03:46  |s 2026-05-04  |w 2024-06-17  |x Factura Compra, venta, arriendo y servicios de equipos computacionales Claudio Nº106  |y DELEC  |z Nº de Serie: 5CG4100K14 
952 |0 0  |1 0  |4 0  |6 NOTEBOOK_04_2024_000000000000000  |7 0  |9 99611  |a BC  |b BC  |c Referencia  |d 2024-06-17  |e Compra  |g 263900.00  |l 545  |m 1  |o NOTEBOOK-04/2024  |p 1472161  |r 2026-05-04 14:38:02  |s 2026-05-04  |w 2024-06-17  |x Factura Compra, venta, arriendo y servicios de equipos computacionales Claudio Nº106  |y DELEC  |z Nº de Serie: 5CG409SPTJ 
952 |0 0  |1 0  |4 0  |6 NOTEBOOK_05_2024_000000000000000  |7 0  |9 99612  |a BC  |b BC  |c Referencia  |d 2024-06-17  |e Compra  |g 263900.00  |l 513  |m 1  |o NOTEBOOK-05/2024  |p 1472162  |r 2026-05-04 14:12:13  |s 2026-05-04  |w 2024-06-17  |x Factura Compra, venta, arriendo y servicios de equipos computacionales Claudio Nº106  |y DELEC  |z Nº de Serie: 5CG4100PPB 
952 |0 0  |1 0  |2 ddc  |4 0  |6 NOTEBOOK_06_2024_000000000000000  |7 0  |9 99613  |a BR  |b BR  |c Referencia  |d 2024-06-17  |e Compra  |g 263900.00  |l 247  |m 1  |o NOTEBOOK-06/2024  |p 1472163  |r 2026-05-04 19:18:52  |s 2026-05-04  |w 2024-06-17  |x Factura Compra, venta, arriendo y servicios de equipos computacionales Claudio Nº106  |y DELEC  |z Nº de Serie: 5CG4100KGV 
999 |c 61796  |d 61796